[Event "18 Open international de La Reunion"]
[Site "Salle des fêtes de Bellepierre"]
[Date "2016.10.11"]
[Round "2.5"]
[White "Dace, Jean Emeric"]
[Black "Payet, Jean-Claude"]
[Result "1-0"]
[WhiteElo "1612"]
[BlackElo "1865"]
[PlyCount "87"]
[EventDate "2016.??.??"]

1. e4 c5 2. Nf3 d6 3. d4 cxd4 4. Nxd4 Nf6 5. Nc3 g6 6. Bc4 Bg7 7. f3 Bd7 8. Be3
Nc6 9. Qd2 Rc8 10. Bb3 Ne5 11. Bh6 Nc4 12. Bxc4 Bxh6 13. Bxf7+ Kxf7 14. Qxh6
Qb6 15. O-O-O Rc4 16. Nb3 a5 17. Nd5 Nxd5 18. Rxd5 a4 19. Nd2 Rb4 20. b3 axb3
21. Nxb3 Be6 22. Rd3 Bc4 23. Rc3 Ra4 24. Kb2 Qa7 25. Ra1 b5 26. h4 Ra6 27. h5
d5 28. exd5 Bxd5 29. Qf4+ Rf6 30. Qe5 Rd8 31. Rc7 Re6 32. Qxe6+ Kxe6 33. Rxa7
Kf6 34. hxg6 hxg6 35. a4 bxa4 36. R1xa4 Rh8 37. Rd4 Be6 38. Ra6 Kf7 39. Rf4+
Bf5 40. g4 e5 41. Rb4 Be6 42. g5 Bd5 43. Nc5 Rh5 44. Ra7+ 1-0

[Event "18 Open international de La Reunion"]
[Site "Salle des fêtes de Bellepierre"]
[Date "2016.10.11"]
[Round "2.6"]
[White "Calmels, Nicolas"]
[Black "Vitry, Patrick"]
[Result "1-0"]
[WhiteElo "1863"]
[BlackElo "1613"]
[PlyCount "91"]
[EventDate "2016.??.??"]

1. e4 e5 2. d4 Nc6 3. d5 Nb4 4. Bd2 Bc5 5. Nf3 d6 6. c3 Na6 7. b4 Bb6 8. a4 c6
9. a5 Bc7 10. Bc4 Nf6 11. Bg5 Nb8 12. Qb3 O-O 13. Nbd2 Nbd7 14. Bh4 h6 15. dxc6
bxc6 16. g4 g5 17. Nxg5 hxg5 18. Bxg5 Qe8 19. Bh6 d5 20. exd5 cxd5 21. Bb5 Qe6
22. Bxf8 Nxf8 23. O-O-O Rb8 24. Bd3 e4 25. Rde1 Bxa5 26. g5 Ng4 27. Be2 Qc6 28.
Kb2 Nxf2 29. Rhf1 Nd3+ 30. Bxd3 exd3 31. Rf6 Be6 32. g6 Nxg6 33. Rexe6 fxe6 34.
Rxg6+ Kf7 35. Nf3 Bc7 36. Nd4 Qc4 37. Qxc4 dxc4 38. Rxe6 Bxh2 39. Rh6 d2 40.
Kc2 Bf4 41. Rh7+ Kg6 42. Rxa7 Re8 43. Ra6+ Kh5 44. Ne6 Bh6 45. Rd6 Be3 46. Ng7+
1-0

[Event "18 Open international de La Reunion"]
[Site "Salle des fêtes de Bellepierre"]
[Date "2016.10.11"]
[Round "2.7"]
[White "Mablouke, Ulrich"]
[Black "Coent, Yann"]
[Result "0-1"]
[WhiteElo "1565"]
[BlackElo "1812"]
[PlyCount "50"]
[EventDate "2016.??.??"]

1. e4 e5 2. Nf3 Nc6 3. Bc4 Bc5 4. b4 Bxb4 5. c3 Ba5 6. a4 d6 7. Qb3 Qe7 8. d4
exd4 9. O-O Bb6 10. a5 Bxa5 11. cxd4 Bb6 12. e5 Nxd4 13. Nxd4 Bxd4 14. Ba3 Bxa1
15. exd6 cxd6 16. Rd1 Be5 17. Nd2 Nf6 18. Nf3 Bg4 19. Rd3 Bxf3 20. Rxf3 O-O 21.
h3 Qc7 22. g4 Rac8 23. Bd3 Qc6 24. g5 Nh5 25. g6 Qxf3 0-1

[Event "18 Open international de La Reunion"]
[Site "Salle des fêtes de Bellepierre"]
[Date "2016.10.11"]
[Round "2.8"]
[White "Desire, Michael"]
[Black "Cochard, Franck-Olivier"]
[Result "1-0"]
[WhiteElo "1808"]
[BlackElo "1588"]
[PlyCount "47"]
[EventDate "2016.??.??"]

1. d4 c5 2. c3 cxd4 3. cxd4 d5 4. Nc3 Nf6 5. e3 e6 6. Bd3 Be7 7. Nf3 O-O 8. h4
h5 9. Ng5 b6 10. Qc2 Ba6 11. Rh3 Bxd3 12. Qxd3 g6 13. Nxe6 fxe6 14. Qxg6+ Kh8
15. Qh6+ Nh7 16. Qxe6 Bxh4 17. g3 Qf6 18. Qxf6+ Bxf6 19. Nxd5 Nc6 20. Bd2 Rae8
21. Kf1 Kg7 22. Rxh5 Ng5 23. Nxf6 Kxf6 24. Rh6+ 1-0

[Event "18 Open international de La Reunion"]
[Site "Salle des fêtes de Bellepierre"]
[Date "2016.10.11"]
[Round "2.10"]
[White "Triton, Maxime"]
[Black "Muller, Sebastien"]
[Result "1-0"]
[WhiteElo "1771"]
[BlackElo "1519"]
[PlyCount "57"]
[EventDate "2016.??.??"]

1. e4 e5 2. Nf3 Nc6 3. Bb5 d6 4. O-O Bd7 5. c3 a6 6. Ba4 h6 7. d4 g5 8. Bxc6
bxc6 9. h3 g4 10. hxg4 Bxg4 11. dxe5 h5 12. exd6 Bxd6 13. e5 Bxf3 14. Qxf3 Be7
15. Qxc6+ Kf8 16. Bf4 h4 17. e6 h3 18. Na3 hxg2 19. Kxg2 Nf6 20. Rad1 Qc8 21.
Rh1 Rg8+ 22. Kf3 a5 23. Bh6+ Rg7 24. Bxg7+ Kxg7 25. Rdg1+ Ng4 26. Rxg4+ Kf6 27.
Rh6+ Ke5 28. Nc4+ Kf5 29. Qe4# 1-0

[Event "18 Open international de La Reunion"]
[Site "Salle des fêtes de Bellepierre"]
[Date "2016.10.11"]
[Round "2.11"]
[White "Evrin, Selvam"]
[Black "Jotee, Ashvin"]
[Result "0-1"]
[WhiteElo "1498"]
[BlackElo "1752"]
[PlyCount "54"]
[EventDate "2016.??.??"]

1. e4 e6 2. d4 d5 3. Nc3 Bb4 4. e5 c5 5. Nge2 Nc6 6. Be3 Nge7 7. f4 Nf5 8. Bf2
cxd4 9. Nxd4 Nfxd4 10. Bxd4 Bd7 11. Qd3 a6 12. O-O-O Rc8 13. g4 Nxd4 14. Qxd4
Qa5 15. Nb1 Bc5 16. Qd2 Qxa2 17. Bd3 Bd4 18. c3 Bc5 19. f5 b5 20. Qg5 Rg8 21.
fxe6 Bxe6 22. Bxh7 Rf8 23. Rhf1 b4 24. Qxg7 Be3+ 25. Kc2 bxc3 26. Nxc3 Rxc3+
27. Kxc3 Qc4# 0-1

[Event "18 Open international de La Reunion"]
[Site "Salle des fêtes de Bellepierre"]
[Date "2016.10.11"]
[Round "2.12"]
[White "Frelicot, Eric"]
[Black "Mercadal, Theo"]
[Result "1/2-1/2"]
[WhiteElo "1749"]
[BlackElo "1513"]
[PlyCount "73"]
[EventDate "2016.??.??"]

1. c4 c5 2. Nc3 Nc6 3. g3 g6 4. Bg2 Bg7 5. Nf3 e6 6. d4 cxd4 7. Nb5 d6 8. Nbxd4
Nge7 9. O-O O-O 10. e4 d5 11. exd5 exd5 12. Nxc6 bxc6 13. cxd5 cxd5 14. Nd4 h6
15. Be3 Be6 16. Qd2 Kh7 17. Rac1 a6 18. Rc3 Qd7 19. Rfc1 Rfc8 20. Rxc8 Rxc8 21.
Rxc8 Qxc8 22. Nxe6 fxe6 23. Bh3 Qc6 24. b3 e5 25. Qc1 Qxc1+ 26. Bxc1 e4 27. Bf1
Nc6 28. Bxa6 Nb4 29. Bb7 Nxa2 30. Bd2 Bc3 31. Bxc3 Nxc3 32. Kf1 Kg7 33. b4 Kf6
34. b5 Ke5 35. Bc6 Na4 36. Ke2 d4 37. f4+ 1/2-1/2

[Event "18 Open international de La Reunion"]
[Site "Salle des fêtes de Bellepierre"]
[Date "2016.10.11"]
[Round "2.14"]
[White "Jubin, Thierry"]
[Black "Etheve, Lionel"]
[Result "1/2-1/2"]
[WhiteElo "1690"]
[BlackElo "1494"]
[PlyCount "60"]
[EventDate "2016.??.??"]

1. b3 c5 2. Bb2 e6 3. e3 Nf6 4. f4 d5 5. Nf3 Nc6 6. Bb5 Bd7 7. O-O Bd6 8. Qe1
Rg8 9. d4 cxd4 10. Nxd4 Nxd4 11. Bxd7+ Qxd7 12. Bxd4 Rc8 13. Qe2 Bc5 14. Rd1
Qc6 15. c3 Bxd4 16. Rxd4 Ne4 17. c4 Nf6 18. Nd2 dxc4 19. Nxc4 Nd5 20. Rc1 Ke7
21. Rc2 a6 22. Rdd2 b5 23. Ne5 Qb6 24. Rxc8 Rxc8 25. Rd4 Rc3 26. Qh5 Qc7 27.
Qxf7+ Kd6 28. Qf8+ Qe7 29. Qb8+ Qc7 30. Qf8+ Qe7 1/2-1/2

[Event "18 Open international de La Reunion"]
[Site "Salle des fêtes de Bellepierre"]
[Date "2016.10.11"]
[Round "2.15"]
[White "Assie, Joel"]
[Black "Leccia, Thomas"]
[Result "1-0"]
[WhiteElo "1449"]
[BlackElo "1211"]
[PlyCount "95"]
[EventDate "2016.??.??"]

1. d4 Nf6 2. c4 e6 3. Nf3 d5 4. cxd5 exd5 5. Nc3 Bb4 6. h3 O-O 7. a3 Bxc3+ 8.
bxc3 Ne4 9. Bb2 Bf5 10. Rc1 Bg6 11. e3 Nd7 12. Bd3 Ndf6 13. Ne5 c6 14. Nxg6
fxg6 15. Rc2 Qc7 16. Rf1 Qh2 17. f3 Qg3+ 18. Rff2 Nxf2 19. Rxf2 Rfe8 20. Bc1
Qh2 21. Bf1 Re7 22. Qd3 Rae8 23. Kd1 Qg1 24. Qe2 Qh2 25. g4 Qg3 26. Bg2 Nd7 27.
Kc2 Nb6 28. Kd3 Nc4 29. a4 Qd6 30. e4 b5 31. e5 Qc7 32. axb5 cxb5 33. Qc2 a5
34. f4 b4 35. Bxd5+ Kh8 36. Bxc4 Rc8 37. Qb3 bxc3 38. Qxc3 Re6 39. Rc2 Rc6 40.
d5 Rd8 41. Ke4 Rc5 42. Ba3 Rc8 43. Bxc5 Qxc5 44. e6 Qg1 45. Qe5 Rd8 46. Rb2 a4
47. Rb8 Rxb8 48. Qxb8# 1-0

[Event "18 Open international de La Reunion"]
[Site "Salle des fêtes de Bellepierre"]
[Date "2016.10.11"]
[Round "2.16"]
[White "Payet, Quentin"]
[Black "Larmet, Nino"]
[Result "0-1"]
[WhiteElo "1199"]
[BlackElo "1418"]
[PlyCount "88"]
[EventDate "2016.??.??"]

1. e4 c6 2. d4 d6 3. Nf3 Nd7 4. Be2 Qc7 5. c4 e5 6. d5 Ngf6 7. Nc3 Nc5 8. Bd3
a5 9. O-O Be7 10. Re1 O-O 11. Be3 b6 12. b3 Bg4 13. h3 Bxf3 14. Qxf3 Nxd3 15.
Qg3 Nxe1 16. Bh6 g6 17. Bxf8 Rxf8 18. Rxe1 Nh5 19. Qe3 Nf4 20. Ne2 Bg5 21. Qg3
Nxe2+ 22. Rxe2 Bf4 23. Qd3 f5 24. g3 Bh6 25. g4 fxe4 26. Rxe4 Rf4 27. Rxf4 Bxf4
28. Kg2 Kg7 29. Qe4 cxd5 30. Qxd5 Kf6 31. h4 h6 32. Kf3 Qc5 33. Qxc5 bxc5 34.
Ke4 Ke6 35. Kd3 h5 36. g5 d5 37. Kc3 d4+ 38. Kc2 e4 39. a3 Bh2 40. Kd2 Kf5 41.
b4 cxb4 42. axb4 axb4 43. Kc2 e3 44. fxe3 dxe3 0-1

[Event "18 Open international de La Reunion"]
[Site "Salle des fêtes de Bellepierre"]
[Date "2016.10.11"]
[Round "2.17"]
[White "Carballar, Eric"]
[Black "Leonardy, Batiste"]
[Result "1-0"]
[WhiteElo "1399"]
[BlackElo "1195"]
[PlyCount "77"]
[EventDate "2016.??.??"]

1. e4 e5 2. Nf3 Nc6 3. b3 Nf6 4. d3 d6 5. Bb2 a6 6. Nbd2 Ng4 7. g3 f6 8. d4
exd4 9. Nxd4 Nxd4 10. Bxd4 Ne5 11. Bg2 c6 12. Nc4 b5 13. Bxe5 fxe5 14. Ne3 Be7
15. O-O O-O 16. c4 Bb7 17. Qc2 Qc7 18. cxb5 axb5 19. a4 Ba6 20. a5 b4 21. Nd5
Qd7 22. Nxb4 Bxf1 23. Kxf1 d5 24. exd5 Bxb4 25. dxc6 Qc7 26. Qc4+ Kh8 27. Qxb4
Rfe8 28. a6 Re6 29. Qb7 Qc8 30. Qxc8+ Rxc8 31. Bh3 Rexc6 32. Bxc8 Rxc8 33. a7
Ra8 34. b4 Kg8 35. b5 Kf8 36. b6 Ke7 37. b7 Rf8 38. b8=Q Kf6 39. Qxf8+ 1-0

[Event "18 Open international de La Reunion"]
[Site "Salle des fêtes de Bellepierre"]
[Date "2016.10.11"]
[Round "2.18"]
[White "Carballar, Alexandre"]
[Black "Laoussing, Stephane"]
[Result "1-0"]
[WhiteElo "1170"]
[BlackElo "1399"]
[PlyCount "55"]
[EventDate "2016.??.??"]

1. e3 e5 2. d4 e4 3. c4 d5 4. cxd5 Qxd5 5. Nc3 Qd8 6. Nxe4 Nf6 7. Ng3 Nc6 8.
Nf3 Bg4 9. Be2 Bd6 10. O-O Bxg3 11. fxg3 O-O 12. Bd2 Ne4 13. Bd3 Nxd2 14. Qxd2
Re8 15. Bb5 Qd5 16. Qc3 Qxb5 17. a4 Qd5 18. b4 a6 19. Rfe1 Qd6 20. b5 axb5 21.
axb5 Ra3 22. Qc1 Na7 23. Ne5 Be6 24. Nc4 Bxc4 25. Qxc4 Raxe3 26. Qxf7+ Kh8 27.
Rxe3 Rf8 28. Qxf8+ 1-0

[Event "18 Open international de La Reunion"]
[Site "Salle des fêtes de Bellepierre"]
[Date "2016.10.11"]
[Round "2.19"]
[White "Pun Chung, Leo"]
[Black "Eric Andriana, Fitia"]
[Result "1-0"]
[WhiteElo "1374"]
[BlackElo "1156"]
[PlyCount "39"]
[EventDate "2016.??.??"]

1. e4 c5 2. Nf3 g6 3. d4 b6 4. Be3 d6 5. Bc4 e6 6. Nc3 Ne7 7. Qd2 Bg7 8. O-O-O
O-O 9. h4 Bb7 10. Bh6 Nd7 11. Bxg7 Kxg7 12. h5 a6 13. hxg6 fxg6 14. Qh6+ Kf7
15. Ng5+ Ke8 16. Bxe6 Ng8 17. Bxg8 Rxg8 18. Qxh7 Rf8 19. Qxg6+ Ke7 20. Qe6# 1-0

[Event "18 Open international de La Reunion"]
[Site "Salle des fêtes de Bellepierre"]
[Date "2016.10.11"]
[Round "2.20"]
[White "Laoussing, Mathis"]
[Black "Le Maguet, Loan"]
[Result "0-1"]
[WhiteElo "1145"]
[BlackElo "1362"]
[PlyCount "125"]
[EventDate "2016.??.??"]

1. e4 c5 2. c3 d6 3. d4 cxd4 4. cxd4 Nf6 5. Nc3 g6 6. Nf3 Bg7 7. Be2 O-O 8. O-O
b6 9. Be3 Bb7 10. d5 Nbd7 11. Bd3 Nc5 12. Bc2 Rc8 13. Qd2 Re8 14. Bh6 Bh8 15.
Rac1 Ng4 16. h3 Ne5 17. Qe2 Ba6 18. Nb5 Nxf3+ 19. gxf3 Qd7 20. a4 Bxb2 21. Rb1
Bf6 22. Kh2 e6 23. Qd2 Red8 24. Bg5 Qe7 25. Rg1 Nb7 26. Nxa7 Rxc2 27. Qxc2 Bxg5
28. Nc6 Bf4+ 29. Kh1 Qh4 30. Rg3 Bxg3 31. fxg3 Qxh3+ 32. Qh2 Qxh2+ 33. Kxh2 Re8
34. Rxb6 Nc5 35. Nb4 Bb7 36. Rxd6 exd5 37. exd5 Nxa4 38. Rd7 Nc5 39. Rc7 Rc8
40. d6 Rxc7 41. dxc7 Ne6 42. Nd5 Kf8 43. Nf6 Nxc7 44. Nxh7+ Kg7 45. Ng5 Kf6 46.
f4 Ne6 47. Nxe6 Kxe6 48. Kh3 Kf5 49. Kh4 Bg2 50. g4+ Kxf4 51. g5 Bf3 52. Kh3
Kxg5 53. Kg3 Bh5 54. Kf2 Kf4 55. Kg2 f5 56. Kf2 g5 57. Kg2 Bf3+ 58. Kf2 g4 59.
Kf1 Ke3 60. Kg1 g3 61. Kf1 g2+ 62. Kg1 Ke2 63. Kh2 0-1

[Event "18 Open international de La Reunion"]
[Site "Salle des fêtes de Bellepierre"]
[Date "2016.10.11"]
[Round "2.21"]
[White "Leccia, Antoine"]
[Black "Payet, Bruno"]
[Result "1-0"]
[WhiteElo "1342"]
[BlackElo "1111"]
[PlyCount "117"]
[EventDate "2016.??.??"]

1. d4 Nc6 2. c4 d6 3. Nf3 Bf5 4. Nc3 Qd7 5. e4 Bg4 6. Be3 Nf6 7. Be2 h6 8. h3
Bh5 9. Qc2 e6 10. Rd1 Be7 11. e5 Nh7 12. a3 Bg6 13. Bd3 Bxd3 14. Rxd3 f6 15.
Ne2 Ng5 16. Bxg5 fxg5 17. Rd1 O-O-O 18. exd6 Bxd6 19. b4 Rhe8 20. c5 Be7 21.
O-O h5 22. Ne5 Qd5 23. Nc3 Nxd4 24. Nxd5 Nxc2 25. Nxe7+ Rxe7 26. Rxd8+ Kxd8 27.
Rd1+ Kc8 28. Rd3 c6 29. Kf1 Kc7 30. Ke2 b6 31. Kd2 Nxb4 32. axb4 b5 33. Ra3 Kb7
34. Rxa7+ Kxa7 35. Nxc6+ Kb7 36. Nxe7 Kc7 37. Kc3 Kd7 38. Ng6 Kc6 39. Kd4 Kd7
40. Ke5 g4 41. Nf8+ Ke7 42. Nxe6 g5 43. c6 gxh3 44. gxh3 g4 45. c7 Kf7 46. hxg4
hxg4 47. Kd5 Ke7 48. Kc6 g3 49. fxg3 Kxe6 50. c8=Q+ Kf6 51. Qd8+ Kf5 52. Qe8
Kg4 53. Qf7 Kxg3 54. Kd5 Kg4 55. Ke4 Kg5 56. Qf5+ Kh4 57. Qg6 Kh3 58. Kf3 Kh2
59. Qg2# 1-0

[Event "18 Open international de La Reunion"]
[Site "Salle des fêtes de Bellepierre"]
[Date "2016.10.11"]
[Round "2.22"]
[White "Padre, Bryan"]
[Black "Deschamps, Nathalie"]
[Result "0-1"]
[WhiteElo "1110"]
[BlackElo "1314"]
[PlyCount "32"]
[EventDate "2016.??.??"]

1. e4 b6 2. Nf3 Bb7 3. Bc4 Bxe4 4. d3 Bb7 5. O-O e6 6. Nc3 Nf6 7. Be3 Be7 8. h3
O-O 9. Bf4 d6 10. Nd4 e5 11. Bxe5 dxe5 12. Nb3 Nbd7 13. Qd2 c5 14. Rad1 Qc7 15.
Nc1 Qc6 16. N1e2 Qxg2# 0-1

[Event "18 Open international de La Reunion"]
[Site "Salle des fêtes de Bellepierre"]
[Date "2016.10.11"]
[Round "2.24"]
[White "Hubert, Nathan"]
[Black "Siffert, Arman"]
[Result "0-1"]
[WhiteElo "1080"]
[BlackElo "1270"]
[PlyCount "30"]
[EventDate "2016.??.??"]

1. e4 e5 2. Nf3 Nc6 3. Nc3 Nf6 4. Bc4 Bc5 5. O-O d6 6. d3 Bg4 7. Bd2 O-O 8. Bg5
Nd4 9. Bxf6 Qxf6 10. Nd5 Qd8 11. c3 Nxf3+ 12. gxf3 Bh3 13. f4 exf4 14. Re1 Qg5+
15. Kh1 Qg2# 0-1

[Event "18 Open international de La Reunion"]
[Site "Salle des fêtes de Bellepierre"]
[Date "2016.10.11"]
[Round "2.25"]
[White "Padre, Maxime"]
[Black "Alex-Geerjanan, Nils"]
[Result "1-0"]
[WhiteElo "1261"]
[BlackElo "1070"]
[PlyCount "69"]
[EventDate "2016.??.??"]

1. e4 e5 2. Nf3 Nc6 3. d4 exd4 4. Nxd4 Nxd4 5. Qxd4 b6 6. Nc3 Bc5 7. Qd1 Nf6 8.
Be2 d6 9. O-O Be6 10. Bf3 Bg4 11. Bxg4 Nxg4 12. Qxg4 h5 13. Qxg7 Rf8 14. Bh6 d5
15. Nxd5 c6 16. Nf6+ Ke7 17. Nxh5 Qd6 18. Bg5+ Ke8 19. Nf6+ Kd8 20. Rad1 Qxd1
21. Rxd1+ Kc7 22. Rd7+ Kb8 23. Bf4+ Kc8 24. Bd6 Bxd6 25. Rxd6 Rd8 26. Rxd8+
Kxd8 27. Qf8+ Kc7 28. Qxa8 b5 29. Qxa7+ Kc8 30. e5 b4 31. Ng8 b3 32. Ne7+ Kd8
33. Nxc6+ Ke8 34. Nd4 Kd8 35. cxb3 1-0

[Event "18 Open international de La Reunion"]
[Site "Salle des fêtes de Bellepierre"]
[Date "2016.10.11"]
[Round "2.27"]
[White "Sandjivy, Vivien"]
[Black "Mohamed, Keziah"]
[Result "1-0"]
[WhiteElo "1214"]
[BlackElo "1010"]
[PlyCount "51"]
[EventDate "2016.??.??"]

1. Nf3 Nc6 2. d4 d5 3. Bf4 Nf6 4. Nc3 e6 5. Nb5 e5 6. Nxe5 Bb4+ 7. c3 Ba5 8. b4
Bb6 9. a4 O-O 10. a5 Nxa5 11. bxa5 Bxa5 12. Rxa5 b6 13. Rxa7 Rb8 14. Nc6 Qd7
15. Rxc7 Qf5 16. Ne7+ Kh8 17. Nxf5 Bxf5 18. Nd6 Be6 19. Qd3 Nh5 20. Qf3 Nxf4
21. Qxf4 g5 22. Qf6+ Kg8 23. Qxg5+ Kh8 24. e3 f6 25. Qh5 Rfe8 26. Qxh7# 1-0

[Event "18 Open international de La Reunion"]
[Site "Salle des fêtes de Bellepierr"]
[Date "2016.10.11"]
[Round "2.26"]
[White "Rebut, Paul"]
[Black "Dazin, Nathan"]
[Result "1-0"]
[WhiteElo "1050"]
[BlackElo "1229"]
[PlyCount "130"]
[EventDate "2016.??.??"]

1. e4 e5 2. Nf3 Nc6 3. Bc4 Bc5 4. O-O Nf6 5. Re1 O-O 6. c3 Re8 7. d4 Bb6 8. Be3
d5 9. exd5 exd4 10. cxd4 Nxd5 11. Bxd5 Qxd5 12. Nc3 Qd6 13. Bf4 Rxe1+ 14. Qxe1
Qd7 15. d5 Nb4 16. Qe4 h6 17. Qxb4 Qd8 18. h3 Qf6 19. Re1 Bd7 20. Be5 Qg6 21.
Kf1 Re8 22. d6 cxd6 23. Bxd6 Rxe1+ 24. Nxe1 Qf5 25. f3 Ba5 26. Qxb7 Bxc3 27.
bxc3 Qe6 28. Bb4 Qc4+ 29. Kf2 Bb5 30. Qe7 f6 31. Nc2 Qxa2 32. Qe4 Ba4 33. c4
Bxc2 34. Qe2 Bb3 35. Qxa2 Bxa2 36. c5 Be6 37. Ke3 Kf7 38. g4 Ke7 39. Ke4 g5 40.
f4 Kd8 41. fxg5 hxg5 42. Kd4 Kc8 43. c6 Kc7 44. Kc5 Kb8 45. Kd6 Bc8 46. c7+ Kb7
47. Ba5 Ka6 48. Ke7 Kxa5 49. Kd8 Ba6 50. Kd7 Kb5 51. c8=Q Bxc8+ 52. Kxc8 Kc5
53. Kd7 Kd5 54. Ke7 Ke5 55. Kf7 a5 56. Kg6 a4 57. Kh5 a3 58. h4 gxh4 59. Kxh4
a2 60. g5 fxg5+ 61. Kxg5 a1=Q 62. Kh6 Qg1 63. Kh7 Qg3 64. Kh8 Kf6 65. Kh7 Qg7#
1-0

[Event "18 Open international de La Reunion"]
[Site "Salle des fêtes de Bellepierre"]
[Date "2016.10.11"]
[Round "3.1"]
[White "Testud, Philippe"]
[Black "Desire, Michael"]
[Result "1-0"]
[WhiteElo "2202"]
[BlackElo "1808"]
[PlyCount "65"]
[EventDate "2016.??.??"]

1. c4 e5 2. g3 f5 3. Bg2 Bc5 4. e3 Nc6 5. Ne2 e4 6. Nf4 Nf6 7. O-O g5 8. Nd5
O-O 9. Nbc3 Nxd5 10. Nxd5 Ne5 11. d4 exd3 12. b4 Be7 13. Bb2 d6 14. Rc1 c6 15.
Nxe7+ Qxe7 16. Qd2 Be6 17. Qc3 g4 18. c5 Ng6 19. cxd6 Qd7 20. Qd4 Rf7 21. b5
Rc8 22. bxc6 bxc6 23. Rfd1 Qb7 24. Rxd3 Rb8 25. Rd2 Rc8 26. Rdc2 Bd7 27. Rc5 h5
28. R5c4 h4 29. gxh4 Rh7 30. h5 Nf8 31. Rb4 Qa8 32. Qf6 a5 33. Rxg4+ 1-0

[Event "18 Open international de La Reunion"]
[Site "Salle des fêtes de Bellepierre"]
[Date "2016.10.11"]
[Round "3.2"]
[White "Triton, Maxime"]
[Black "Lorans, Sylvain"]
[Result "0-1"]
[WhiteElo "1771"]
[BlackElo "2157"]
[PlyCount "92"]
[EventDate "2016.??.??"]

1. e4 c6 2. d4 d5 3. f3 e6 4. Nc3 Bb4 5. Bd3 dxe4 6. fxe4 Qxd4 7. Nf3 Qb6 8.
Qe2 Ne7 9. Be3 Bc5 10. Bxc5 Qxc5 11. O-O-O Ng6 12. e5 Nf4 13. Qd2 Nd5 14. Nxd5
exd5 15. Qg5 g6 16. Qf6 Qf8 17. Rhf1 Nd7 18. Qf4 Nc5 19. Ng5 Be6 20. Qd4 Qe7
21. h4 O-O-O 22. Rf3 Kb8 23. Rdf1 Nxd3+ 24. Rxd3 Bf5 25. Rb3 c5 26. Qf4 Ka8 27.
g4 Be6 28. Nxe6 fxe6 29. Qf7 Rde8 30. Rf6 c4 31. Qxe7 Rxe7 32. Rbf3 Kb8 33. Rf7
Rhe8 34. c3 Kc7 35. Kd2 Kd7 36. Ke3 Rc8 37. Kd4 b5 38. a3 a5 39. Rf2 Rb8 40. g5
b4 41. axb4 axb4 42. R2f3 b3 43. Kc5 Ra8 44. Rf2 Ra2 45. R7f4 Ra1 46. Kb6 Re1
0-1

[Event "18 Open international de La Reunion"]
[Site "Salle des fêtes de Bellepierre"]
[Date "2016.10.11"]
[Round "3.3"]
[White "Rodier, David"]
[Black "Dace, Jean Emeric"]
[Result "1-0"]
[WhiteElo "2147"]
[BlackElo "1612"]
[PlyCount "91"]
[EventDate "2016.??.??"]

1. d4 Nf6 2. c4 b6 3. Nf3 Bb7 4. g3 e6 5. Bg2 Be7 6. O-O O-O 7. Nc3 d6 8. Qc2
Nbd7 9. Rd1 c5 10. d5 e5 11. e4 Bc8 12. Rf1 Ne8 13. Ne1 Bg5 14. f4 exf4 15.
gxf4 Bf6 16. Nf3 Bxc3 17. Qxc3 Qe7 18. e5 Nb8 19. b3 Bg4 20. Bb2 Nd7 21. Rae1
Rd8 22. exd6 Qf6 23. Ne5 Bf5 24. Nc6 Qxc3 25. Bxc3 Nxd6 26. Nxd8 Rxd8 27. Be5
Ne8 28. Re3 Kf8 29. Rfe1 f6 30. Bc3 Nd6 31. Bf1 Re8 32. Rxe8+ Nxe8 33. b4 Nc7
34. Re3 Na6 35. b5 Nc7 36. Bd2 Kf7 37. Ra3 Ke7 38. Rxa7 Kd6 39. a4 Be4 40. a5
Nxb5 41. cxb5 bxa5 42. Bxa5 Bxd5 43. Bh3 Be6 44. Bxe6 Kxe6 45. b6 Kd6 46. Rxd7+
1-0

[Event "18 Open international de La Reunion"]
[Site "Salle des fêtes de Bellepierre"]
[Date "2016.10.11"]
[Round "3.4"]
[White "Jotee, Ashvin"]
[Black "Mezouaghi, Miloud"]
[Result "0-1"]
[WhiteElo "1752"]
[BlackElo "2057"]
[PlyCount "56"]
[EventDate "2016.??.??"]

1. c4 Nf6 2. Nc3 g6 3. g3 Bg7 4. Bg2 O-O 5. Nf3 d6 6. d4 Nbd7 7. O-O e5 8. Rb1
Re8 9. h3 h6 10. e4 a5 11. Re1 c6 12. Be3 Qc7 13. Qd2 Kh7 14. b3 exd4 15. Bxd4
Ne5 16. Nxe5 dxe5 17. Be3 Be6 18. Rbd1 Bf8 19. Qc1 Bb4 20. Re2 Red8 21. Red2
Rxd2 22. Rxd2 b5 23. cxb5 cxb5 24. Re2 Rc8 25. Bd2 a4 26. bxa4 bxa4 27. Qc2 Be7
28. Nd5 Qxc2 0-1

[Event "18 Open international de La Reunion"]
[Site "Salle des fêtes de Bellepierre"]
[Date "2016.10.11"]
[Round "3.5"]
[White "Andriandaza, Tombo Omar"]
[Black "Calmels, Nicolas"]
[Result "0-1"]
[WhiteElo "1699"]
[BlackElo "1863"]
[PlyCount "54"]
[EventDate "2016.??.??"]

1. e4 e6 2. d4 d5 3. Nd2 c5 4. c3 cxd4 5. cxd4 dxe4 6. Nxe4 Bb4+ 7. Nc3 Nc6 8.
Nf3 Qa5 9. Qc2 Nf6 10. a3 Nd5 11. Bd2 O-O 12. Bd3 f5 13. O-O Bxc3 14. bxc3 Qc7
15. g3 Kh8 16. c4 Nf6 17. Rfe1 Qd8 18. Bc3 f4 19. Kg2 b6 20. Rad1 Bb7 21. d5
exd5 22. Bxf6 Rxf6 23. cxd5 Qxd5 24. Be4 Qh5 25. Rd5 Qh6 26. Red1 fxg3 27. Qxc6
Bxc6 0-1

[Event "18 Open international de La Reunion"]
[Site "Salle des fêtes de Bellepierre"]
[Date "2016.10.11"]
[Round "3.6"]
[White "Coent, Yann"]
[Black "Play, Gilles"]
[Result "0-1"]
[WhiteElo "1812"]
[BlackElo "1514"]
[PlyCount "76"]
[EventDate "2016.??.??"]

1. e4 e5 2. Nf3 Nc6 3. d4 exd4 4. Bc4 Bc5 5. c3 d3 6. Qxd3 d6 7. O-O Nf6 8. a4
a5 9. Bg5 h6 10. Bh4 g5 11. Bg3 Nh5 12. Kh1 Nf4 13. Bxf4 gxf4 14. Nbd2 Qf6 15.
Ba2 Ne5 16. Qc2 Be6 17. Bxe6 fxe6 18. Nd4 Ke7 19. f3 Rhg8 20. N2b3 Nc4 21. Rae1
Bb6 22. Rf2 Kd7 23. Qd3 Ne3 24. Qb5+ Kd8 25. Ree2 Rg5 26. Qd3 Kd7 27. Rxe3 fxe3
28. Re2 Rag8 29. g3 Kd8 30. f4 e5 31. Nf5 exf4 32. Rg2 f3 33. Rg1 f2 34. Rf1
Rxf5 35. exf5 Re8 36. Nd4 Bxd4 37. cxd4 e2 38. Rxf2 e1=Q+ 0-1

[Event "18 Open international de La Reunion"]
[Site "Salle des fêtes de Bellepierre"]
[Date "2016.10.11"]
[Round "3.7"]
[White "Etheve, Lionel"]
[Black "Frelicot, Eric"]
[Result "1-0"]
[WhiteElo "1494"]
[BlackElo "1749"]
[PlyCount "77"]
[EventDate "2016.??.??"]

1. e4 c6 2. d4 d5 3. Nc3 dxe4 4. Nxe4 Bf5 5. Ng3 Bg6 6. Nf3 e6 7. Bd3 Bb4+ 8.
Bd2 Bd6 9. Ne4 Bxe4 10. Bxe4 Nf6 11. Bd3 Nbd7 12. c4 Bc7 13. Rc1 O-O 14. Bg5
Ba5+ 15. Bd2 Re8 16. O-O e5 17. dxe5 Nxe5 18. Nxe5 Rxe5 19. Bc3 Bxc3 20. Rxc3
Qe7 21. Rc2 Re8 22. g3 h5 23. Kg2 c5 24. a3 b6 25. Rd2 g6 26. b3 Ne4 27. Bxe4
Rxe4 28. Rd7 Qe6 29. Rxa7 h4 30. Qd7 Qf6 31. Qd3 Rd4 32. Qc3 h3+ 33. Kg1 Qf5
34. Re1 Rd1 35. Rxd1 Qe4 36. f3 Qe2 37. Qd2 Qxf3 38. Rf1 Qe4 39. Raxf7 1-0